000 02012nam a2200229Ia 4500
003 OSt
005 20210513115027.0
008 210310t1963 eu ao fr 001 0 eng d
040 _aCO-JMCR
_cCO-JMCR
041 0 _aeng
082 0 4 _a336.206173 /
_bD699a
_223
100 1 _aDoris, Lillian,
_915379
_eeditora
245 1 4 _aThe american way in taxation :
_binternal revenue, 1862-1963 /
_cLillian Doris
260 _aEnglewood Cliffs, N.J. :
_bPrentice-Hall,
_c©1963
300 _bxiv, 301 páginas :
_ailustraciones y fotografías a blanco y negro ;
_c24 cm.
500 _aIncluye índice alfabético.
505 0 _aThe U.S Tax System -- Historical roots of taxation and tax administration --Organization of the internal revenue service-the natinal office -- Organization of the internal revenue servicie field operations -- The new direction in tax administration -- The greatest change in a century of tax collection automatic data processing (ADP) -- Enforcement of the tax laws-Audits and appeals -- Problem areas and the enforcement program -- Travel and entertainment expenses-A Special problem -- Collecting taxes through withholding -- Two field of unifique tax activities -- The cost collecting taxes -- Cooperation with the business community-New Depreciation guidelines -- Issuing rulings and determination letters to tax-payers -- The lega advisors in the internal revenue service -- Tax engineers and the depletion problem -- Intelligence operations against fraud and crime -- Integrity through the inspection service -- Controlof the tax practitioner -- Career opportunities in the internal revenue service -- The role of the internal revenue service in the alliance for progress -- Federal and state tax cooperation -- Cooperation with federal agencies--Planning and research for better tax administration
650 1 4 _aFiscalidad
_915381
_zEstados Unidos
650 1 4 _aDerecho administrativo
_zEstados Unidos
_937604
650 1 4 _aFinanzas públicas
_zEstados Unidos
_937605
942 _2ddc
_cBK
999 _c7761
_d7761